Lahore: tales without end/ (Record no. 606770)

000 -LEADER
fixed length control field 00383nam a22001577a 4500
020 ## - INTERNATIONAL STANDARD BOOK NUMBER
International Standard Book Number 9789693521447
082 ## - DEWEY DECIMAL CLASSIFICATION NUMBER
Classification number 954.9143
Author Mark SHE
100 ## - MAIN ENTRY--PERSONAL NAME
Personal name Sheikh, Majid
245 ## - TITLE STATEMENT
Title Lahore: tales without end/
Statement of responsibility, etc. Majid Sheikh,
260 ## - PUBLICATION, DISTRIBUTION, ETC.
Place of publication, distribution, etc. Lahore:
Name of publisher, distributor, etc. Sang-e-meel publications;
Date of publication, distribution, etc. 2015.
300 ## - PHYSICAL DESCRIPTION
Extent 451p.
563 ## - BINDING INFORMATION
Binding note HB
650 ## - SUBJECT ADDED ENTRY--TOPICAL TERM
Topical term or geographic name entry element History
650 ## - SUBJECT ADDED ENTRY--TOPICAL TERM
Topical term or geographic name entry element Lahore
942 ## - ADDED ENTRY ELEMENTS (KOHA)
Source of classification or shelving scheme
Koha item type Book
Holdings
Withdrawn status Lost status Source of classification or shelving scheme Materials specified (bound volume or other part) Damaged status Not for loan Permanent Location Current Location Date acquired Source of acquisition Total Checkouts Full call number Barcode Date last seen Date last checked out Price effective from Koha item type
      Donated by Miss Naeema Munawar on behalf of Brig Munawar Ahmed Rana (Late)     Central Library (CL) Central Library (CL) 10/26/2023 Donation 1 954.9143 SHE CL-D-2490 12/30/2023 12/12/2023 10/26/2023 Book
© 2023 Central Library, National University of Sciences and Technology. All Rights Reserved.